000 00873cam a2200241 a 4500
001 000004940
005 20200929151536.0
008 770511s1971 pr a 000 0 spa
035 _a(DLC) 72331754
035 _a(OCoLC)2956507
040 _aDO-SdBNP
_cNcU
_dOCoLC
_dDLC
_dBNPHU
082 _aPR863.44
_bF825p
100 1 _aFranco Oppenheimer, Félix,
_d1912-2004.
_914265
245 1 0 _aProsas sin clave :
_bpoemas /
_cFélix Franco Oppenheimer ; ilustración Juan Rosario ; prólogo por el poeta Evaristo Ribera Chevremont.
260 _aSan Juan, Puerto Rico :
_bYaurel,
_c1971.
300 _a86 p. :
_bil. ;
_c24 cm.
650 4 _aPoesía puertorriqueña
_91015
650 4 _aLiteratura puertorriqueña
_9250
700 1 _aRosario, Juan,
_eil.
_914266
700 1 _aRibera Chevremont, Evaristo,
_epról.
_914267
910 _aCatalogación por copia / LC
049 _aBNGR
999 _c4746
_d4746